|
|
|
|
| LEADER |
00968nam a2200325 4500 |
| 001 |
DLU090094862 |
| 005 |
##20091201 |
| 040 |
# |
# |
|a DLU
|b eng
|
| 041 |
# |
# |
|a eng
|
| 044 |
# |
# |
|a us
|
| 100 |
# |
# |
|a Chun, Yuan.
|
| 245 |
# |
# |
|a Evaluation of current techniques for isolation of chars as natural adsorbents /
|c Yuan Chun, Guangyao Sheng, Cary T. Chiou.
|
| 653 |
# |
# |
|a Acidity
|
| 653 |
# |
# |
|a Adsorbent
|
| 653 |
# |
# |
|a Adsorption capacity
|
| 653 |
# |
# |
|a Carbonaceous materials
|
| 653 |
# |
# |
|a Oxidation
|
| 653 |
# |
# |
|a Soil pollution
|
| 700 |
# |
# |
|a Chiou, Cary T.
|
| 700 |
# |
# |
|a Sheng, Guangyao.
|
| 773 |
# |
# |
|t Environmental Science & Technology
|g Vol. 38, no. 15 (August 2004), p. 4227-4232
|
| 920 |
# |
# |
|a Phòng Tạp chí -- Trung tâm Thông tin - Thư viện Trường Đại học Đà Lạt
|
| 994 |
# |
# |
|a DLU
|
| 900 |
# |
# |
|a True
|
| 911 |
# |
# |
|a Trương Bảo Trâm Anh
|
| 925 |
# |
# |
|a G
|
| 926 |
# |
# |
|a A
|
| 927 |
# |
# |
|a BB
|
| 980 |
# |
# |
|a Thư viện Trường Đại học Đà Lạt
|